LEADER 01217nam 2200361 450 001 996279921203316 005 20230814224613.0 010 $a1-5386-5340-0 035 $a(CKB)4100000006937863 035 $a(WaSeSS)IndRDA00120955 035 $a(EXLCZ)994100000006937863 100 $a20200320d2018 uy 0 101 0 $aeng 135 $aur||||||||||| 181 $ctxt$2rdacontent 182 $cc$2rdamedia 183 $acr$2rdacarrier 200 10$aBIYOMUT $e2017 21st National Biomedical Engineering Meeting : 4 November-26 December 2017, Istanbul, Turkey /$fInstitute of Electrical and Electronics Engineers 210 1$aPiscataway, New Jersey :$cInstitute of Electrical and Electronics Engineers,$d2018. 215 $a1 online resource (855 pages) 311 $a1-5386-5341-9 606 $aBiomedical engineering$vCongresses 606 $aDiagnosis$xData processing$vCongresses 615 0$aBiomedical engineering 615 0$aDiagnosis$xData processing 676 $a610.28 712 02$aInstitute of Electrical and Electronics Engineers, 801 0$bWaSeSS 801 1$bWaSeSS 906 $aPROCEEDING 912 $a996279921203316 996 $aBIYOMUT$92543550 997 $aUNISA LEADER 01266nam0 22002771i 450 001 UON00008482 005 20231205101922.454 010 $a27-200-1089-8 100 $a20020107d1993 |0itac50 ba 101 $afre 102 $aFR 105 $a|||| ||||| 200 1 $aMystiques, philosophes et franc-macons en Islam $eRiza Tevfik, penseur ottoman (1868-1949), du sofisme a la confrerie$fThierry Zarcone 210 $aParis$cJean Maissoneuve$d1993 566 p.$c20 ill. ; 25 cm 410 1$1001UON00004466$12001 $aBibliothèque de l'Institut Français d'Etudes Anatoliennes d'Istanbul$v37 606 $aFILOSOFIA TURCA OTTOMANA$xSec. 19.$3UONC010655$2FI 620 $aFR$dParis$3UONL002984 686 $aOTT VII B$cIMPERO OTTOMANO - FILOSOFIA$2A 700 1$aZARCONE$bThierry$3UONV003796$0309814 712 $aLibrairie d'Amerique et d'Orient Adrien Maisonneuve$3UONV246049$4650 801 $aIT$bSOL$c20250711$gRICA 899 $aSIBA - SISTEMA BIBLIOTECARIO DI ATENEO$2UONSI 912 $aUON00008482 950 $aSIBA - SISTEMA BIBLIOTECARIO DI ATENEO$dSI OTT VII B 002 N $eSI SA 74858 5 002 N 996 $aMystiques, philosophes et franc-macons en Islam$91177543 997 $aUNIOR